All Finland's Premier League Players Ever - Statistics

General Stats
  • This quiz has been taken 44 times
  • The average score is 7 of 19
Answer Stats
# Year Team(s) Player % Correct
318 1999–2009 Liverpool Sami Hyypiä
95%
73 2019–20, 2021–22 Norwich City Teemu Pukki
95%
26 2000–02 Liverpool Jari Litmanen
74%
436 2001–15 Bolton Wanderers, West Ham Jussi Jääskeläinen
64%
7 2021–22 Brentford Marcus Forss
51%
126 1998–99, 2001–02, 2003–06, 2007–08 Chelsea, Birmingham City Mikael Forssell
46%
143 2002–08 Southampton, Fulham Antti Niemi
36%
1 2023–24 Chelsea Jimi Tauriainen
31%
50 2005–08, 2010–11 Blackburn Rovers, Fulham, Newcastle Shefki Kuqi
31%
88 2005–10 Tottenham, Sunderland, Birmingham City Teemu Tainio
28%
32 2004–05 Crystal Palace Aki Riihilahti
26%
148 2000–06 Charlton Athletic Jonatan Johansson
26%
54 1999–2000, 2001–04 Aston Villa, Blackburn Rovers Peter Enckelman
26%
23 2004–05 Crystal Palace Joonas Kolkka
15%
15 1995–96 Bolton Wanderers Mixu Paatelainen
15%
12 2003–04 Porstmouth Petri Pasanen
15%
20 2000–02 Derby County Simo Valakari
13%
8 2000–01 West Ham Hannu Tihinen
10%
4 2008–10 Fulham Toni Kallio
10%
No matching quizzes found
Score Distribution
Percent of People with Each Score
Percentile by Number Answered
Your Score History
You have not taken this quiz